Hay razones para creer en Jesús?: buscando respuestas en los escritos Paulinos del nuevo testamento

Đã lưu trong:
Chi tiết về thư mục
Tác giả chính: Silva Gatica, Sergio (Tác giả)
Định dạng: Sách
Ngôn ngữ:Tiếng Tây Ban Nha
Được phát hành: Santiago Ediciones Universidad Alberto Hurtado 2012
Santiago Centro Teológico Manuel Larraín 2012
Phiên bản:1a. ed
Loạt:Colección Teología de los Tiempos, 10
Những chủ đề:
Các nhãn: Thêm thẻ
Không có thẻ, Là người đầu tiên thẻ bản ghi này!

MARC

LEADER 00000cam a2200000 a 4500
001 UCD0571
003 CL-VaPUC
008 151204e20121200cl |||||||||||||||||spa|d
020 |a 9789568421779 
082 0 4 |a 232  |b SIL  |2 21 
100 |a Silva Gatica, Sergio  |e author  |9 593314 
245 1 0 |a Hay razones para creer en Jesús?: buscando respuestas en los escritos Paulinos del nuevo testamento 
250 |a 1a. ed 
300 |a 398 p 
942 |c BK 
945 |d 20151204 12:43:00  |a arojas 
260 |a Santiago  |b Ediciones Universidad Alberto Hurtado  |c 2012 
260 |a Santiago  |b Centro Teológico Manuel Larraín  |c 2012 
600 0 |a Jesús  |9 313614 
600 0 7 |a JESUSCRISTO  |2 CL-VaPUC  |9 537675 
650 0 |a Cristología   |9 315091 
650 0 |a Nuevo testamento  |9 257604 
650 0 |a Vida de Jesús  |9 478097 
583 |a last modification  |c 20151204 12:43:00  |k Rodrigo Vera 
490 0 |a Colección Teología de los Tiempos, 10 
999 |c 362043  |d 362041 
952 |0 0  |1 0  |3 erb  |4 0  |6 232_000000000000000_SIL_2012_2012  |7 0  |8 A  |9 472903  |a BIBTEO  |b BIBTEO  |i 5253969  |o 232 SIL 2012 2012  |p 5253969  |r 2025-01-17  |w 2019-11-24  |y BK  |z Catalogado en:20151204  |k ICR